000 01917nam a2200541 i 4500
001 17023
003 KOSZ 005
005 20211109104431.0
008 040519s1976 pl a |001 0 pol
015 _aUWD 1976/7623
035 _a991023599629705066
035 _a(PL-WaBN)b16465970-48omnis_nlop
035 _ab16465970
035 _a(OCoLC)830594711
035 _azz2003852363
035 _a(PL)b0000001646597
035 _a(EXLNZ-48OMNIS_NETWORK)9910156979605606
040 _aWA N
_cWA N
_dKOSZ 005/HR
041 0 _apol
046 _k1976
080 _a624.131
080 _a552
080 _a539.3/.6
100 1 _aIzbicki, Ryszard Jerzy
_eAutor
245 1 0 _aMetody nośności granicznej w mechanice gruntów i skał /
_cRyszard Izbicki, Zenon Mróz.
260 _aWarszawa '
_aPoznań :
_bPańst. Wydaw. Naukowe,
_c1976.
300 _a248 s. :
_bil., tab., wykr. ;
_c25 cm.
336 _aTekst
_btxt
_2rdacontent
337 _aBez urządzenia pośredniczącego
_bn
_2rdamedia
338 _aWolumin
_bnc
_2rdacarrier
380 _aKsiążki
388 _a1901-2000
388 _a1945-1989
490 1 _aBiblioteka Mechaniki Stosowanej. Seria B, Podręczniki i Zastosowania Inżynierskie
504 _aBibliogr. przy rozdz. Indeksy.
650 7 _aMechanika gruntów
_2DBN
650 7 _aSkały
_2DBN
650 7 _aWytrzymałość materiałów
_2DBN
658 _aGeografia i nauki o Ziemi
658 _aFizyka i astronomia
658 _aInżynieria i technika
700 1 _aMróz, Zenon
_d(1930- )
_eTłumaczenie
710 2 _aPaństwowe Wydawnictwo Naukowe
_4pbl
830 0 _aBiblioteka Mechaniki Stosowanej
_nSeria B
_pPodręczniki i Zastosowania Inżynierskie
856 _uhttp://koha.tu.koszalin.pl/cgi-bin/koha/opac-detail.pl?biblionumber=17023
_yKAtalog online BPK
942 _2UKD
_cKS
999 _c17023
_d17023